Adventure time / (Record no. 3093)

MARC details
000 -LEADER
fixed length control field 01954cam a2200445 i 4500
001 - CONTROL NUMBER
control field 3093
003 - CONTROL NUMBER IDENTIFIER
control field FISKH
005 - DATE AND TIME OF LATEST TRANSACTION
control field 20240221104343.0
008 - FIXED-LENGTH DATA ELEMENTS--GENERAL INFORMATION
fixed length control field 190626s2019 caua j 6 000 1 eng d
010 ## - LIBRARY OF CONGRESS CONTROL NUMBER
LC control number 2019295027
020 ## - INTERNATIONAL STANDARD BOOK NUMBER
International Standard Book Number 9781684152933
Qualifying information (paperback)
020 ## - INTERNATIONAL STANDARD BOOK NUMBER
International Standard Book Number 1684152933
Qualifying information (paperback)
035 ## - SYSTEM CONTROL NUMBER
System control number (OCoLC)on1048435833
040 ## - CATALOGING SOURCE
Original cataloging agency YDX
Language of cataloging eng
Transcribing agency YDX
Description conventions rda
Modifying agency BDX
042 ## - AUTHENTICATION CODE
Authentication code lccopycat
050 00 - LIBRARY OF CONGRESS CALL NUMBER
Classification number PZ7.7
Item number .A2953 2019
082 00 - DEWEY DECIMAL CLASSIFICATION NUMBER
Classification number 741.5/973
Edition number 23
100 ## - MAIN ENTRY--PERSONAL NAME
Personal name North, Ryan
245 00 - TITLE STATEMENT
Title Adventure time /
Statement of responsibility, etc. created by Pendleton Ward ; Written by Ryan North ; Illustratred by Shelli Paroline and Braden Lamb
260 ## - PUBLICATION, DISTRIBUTION, ETC.
Place of publication, distribution, etc. Los Angeles :
Name of publisher, distributor, etc. Kaboom,
Date of publication, distribution, etc. 2012
300 ## - PHYSICAL DESCRIPTION
Extent 116 unnumbered pages :
Other physical details color illustrations ;
Dimensions 23 cm
336 ## - CONTENT TYPE
Content type term text
Content type code txt
Source rdacontent
336 ## - CONTENT TYPE
Content type term still image
Content type code sti
Source rdacontent
337 ## - MEDIA TYPE
Media type term unmediated
Media type code n
Source rdamedia
338 ## - CARRIER TYPE
Carrier type term volume
Carrier type code nc
Source rdacarrier
500 ## - GENERAL NOTE
General note Originally published in single magazine form as Adventure Time no. 5-8, 31-34; Adventure Time Comics no. 10, 13, 15, 17; Adventure Time 2013 Annual no. 1; Adventure Time 2013 Summer Special no. 1; and Adventure Time 2014 Winter Special no. 1.
520 ## - SUMMARY, ETC.
Summary, etc. "Embark on the most mathematical journey imaginable by diving into tales all about our favorite human in the land of Ooo. From playing retro board games to facing down foes, Adventure Time: Finn collects all the stories that made the Eisner Award-winning series perfect for any fan of the show"--
521 8# - TARGET AUDIENCE NOTE
Target audience note 490<br/>
Source Lexile estimate<br/><br/>
521 8# - TARGET AUDIENCE NOTE
Target audience note J<br/>
Source Raz-Plus<br/>
650 #1 - SUBJECT ADDED ENTRY--TOPICAL TERM
Topical term or geographic name entry element Graphic novels.
650 #1 - SUBJECT ADDED ENTRY--TOPICAL TERM
Topical term or geographic name entry element Fantasy.
655 #0 - INDEX TERM--GENRE/FORM
Genre/form data or focus term Graphic novels.
700 1# - ADDED ENTRY--PERSONAL NAME
Personal name North, Ryan,
Dates associated with a name 1980-
Relator term writer.
700 1# - ADDED ENTRY--PERSONAL NAME
Personal name Paroline, Shelli,
Relator term illustrator.
700 1# - ADDED ENTRY--PERSONAL NAME
Personal name Lamb, Braden,
Relator term illustrator.
700 1# - ADDED ENTRY--PERSONAL NAME
Personal name Ward, Pendleton,
Dates associated with a name 1982-
Relator term creator.
730 0# - ADDED ENTRY--UNIFORM TITLE
Uniform title Adventure time (Television program)
906 ## - LOCAL DATA ELEMENT F, LDF (RLIN)
a 7
b cbc
c copycat
d 2
e ncip
f 20
g y-gencatlg
942 ## - ADDED ENTRY ELEMENTS (KOHA)
Source of classification or shelving scheme Dewey Decimal Classification
Koha item type Books
Suppress in OPAC No
Holdings
Withdrawn status Lost status Source of classification or shelving scheme Damaged status Not for loan Collection Home library Current library Shelving location Date acquired Total Checkouts Full call number Barcode Date last seen Date last checked out Price effective from Koha item type
    Dewey Decimal Classification     Juvenile Fiction Footprints International School Library Network Toul Kork Campus Footprints International School Library Network Toul Kork Campus A TK Campus, Comic Books (All Reading Levels), B401 Bookcase 1/2, Shelf 3 02/05/2024 1 RYA 741.5 PZ7.N66 2024-0076 10/31/2025 10/31/2025 02/05/2024 Books